| 000 | 00810nam a22002177a 4500 | ||
|---|---|---|---|
| 999 |
_c15604 _d15604 |
||
| 003 | AR-CdUCM | ||
| 008 | 190429b ||||| |||| 00| 0 spa d | ||
| 040 |
_aMUNICIPALIDAD PROVINCIAL DEL CUSCO _cBIBLIOTECA MUNICIPAL DEL CUSCO |
||
| 082 |
_aC / 910.202 / _bOR61 |
||
| 100 |
_aOrbegoso, Carlos E. _934728 |
||
| 245 | _aCusco turístico / | ||
| 260 | _aCuzco : | ||
| 300 |
_a37 paginas ; _bIlustraciones, _c20 cm. |
||
| 505 | _aContenido : Medios y vías de comunicación -- Bebidas típicas -- Comidas típicas -- Fiestas y festivales -- Danzas folclóricas -- Circuito valle sagrado de los incas ... | ||
| 650 |
_aCuzco _97693 |
||
| 650 |
_aHistoria y tradición _934729 |
||
| 650 |
_aFiestas populares _934730 |
||
| 650 |
_aDanzas y circuitos _934731 |
||
| 942 |
_2ddc _cLIBROS |
||
| 945 |
_awnts _d2019-04-29 |
||